000 00500nam a2200169 i 4500
001 52012
003 ES-MaACL
005 20230906162505.0
007 t|
008 030822s1967 sp ||||1| spa d
100 1 _aChinigo, Michael.
_938533
245 1 4 _aLas enseñanzas del Papa Juan /
_cMichael Chinigo ; [traducción, Carmen Boada].
260 _aBarcelona :
_bPlaza & Janés,
_c[1967]
300 _a360 p. ;
_c21 cm.
700 1 _aBoada, Carmen.
_929613
852 _aES-MaACL
_jC-34215
_bR.64769
999 _c52012
_d52012